000 00717nam a2200217 a 4500
001 000004341
005 20200929151427.0
008 070918s1989 sp 000 f spa d
020 _a8401322928
040 _aDO-SdBNP
_bspa
_cBNPHU
082 _a813.54
_bI73d
100 1 _aIsaacs, Susan,
_d1943-
_912806
240 1 0 _aShining Through
_lEspañol
245 1 0 _aUn destello en la oscuridad /
_cSusan Isaacs; traducción de Ana María de la Fuente.
260 _aBarcelona :
_bPlaza & Janes,
_c1989.
300 _a384 p. ;
_c22 cm.
534 _aTítulo original :
_tShining Though
650 4 _aNovela estadounidense
_9262
650 4 _aLiteratura estadounidense
_9263
700 1 _aFuente, Ana María de la,
_etr.
_910620
999 _c4150
_d4150